000 00931nam a2200205Ia 4500
001 11339
003 GE_BSU
008 181216s||||||||xx |||||||||||||| ||und||
040 _cGE_BSU
080 _a582.23/29(479.22)
245 _aსაქართველოს სპოროვან მცენარეთა სარკვევი II
245 _cშემდგ. ი. მურვანიშვილი მთ.რედ: ნ. კეცხოველი, პ/მგ რედ: ი. ნახუცრიშვილი, მხატვ: ი. სიხარულიძე
260 _aთბილისი
260 _bმეცნიერება
260 _c1983
300 _a290გვ.22სმ.
300 _eსაძიებელი გვ.243–290
653 _aსაქართველოს სპოროვან მცენარეთა სარკვევი II
942 _cBK
999 _c44536
_d44536